Sams teach yourself object oriented programming in 21 days. (Record no. 2389)
[ view plain ]
| 000 -LEADER | |
|---|---|
| fixed length control field | 00770cam a22002412 4500 |
| 001 - CONTROL NUMBER | |
| control field | 0000004023 |
| 005 - DATE AND TIME OF LATEST TRANSACTION | |
| control field | 20151217145750.0 |
| 008 - FIXED-LENGTH DATA ELEMENTS--GENERAL INFORMATION | |
| fixed length control field | 070517s xx 000 0 eng d |
| 020 ## - INTERNATIONAL STANDARD BOOK NUMBER | |
| International Standard Book Number | 0672321092 : |
| Terms of availability | GBP 26.09 |
| 040 ## - CATALOGING SOURCE | |
| Original cataloging agency | KABU |
| Transcribing agency | KABU |
| 050 #0 - LIBRARY OF CONGRESS CALL NUMBER | |
| Classification number | QA76.64 |
| Item number | .S56 |
| 100 1# - MAIN ENTRY--PERSONAL NAME | |
| Personal name | Sintes, Tony. |
| -- | 0000154352 |
| 245 10 - TITLE STATEMENT | |
| Title | Sams teach yourself object oriented programming in 21 days. |
| 250 ## - EDITION STATEMENT | |
| Edition statement | 2nd ed. |
| 260 ## - PUBLICATION, DISTRIBUTION, ETC. (IMPRINT) | |
| Place of publication, distribution, etc. | St. Indianapolis, IN : |
| Name of publisher, distributor, etc. | SAMS, |
| Date of publication, distribution, etc. | 2002. |
| 300 ## - PHYSICAL DESCRIPTION | |
| Extent | xvii, 698 p. |
| 650 #0 - SUBJECT ADDED ENTRY--TOPICAL TERM | |
| Topical term or geographic name as entry element | Object-oriented programming. |
| -- | 0000148164 |
| 908 ## - PUT COMMAND PARAMETER (RLIN) | |
| Put command parameter | 070517 |
| 950 ## - LOCAL HOLDINGS (RLIN) | |
| -- | 1 |
| Withdrawn status | Lost status | Source of classification or shelving scheme | Not for loan | Home library | Current library | Date acquired | Total Checkouts | Full call number | Barcode | Date last seen | Date last checked out | Price effective from | Koha item type | Cost, normal purchase price |
|---|---|---|---|---|---|---|---|---|---|---|---|---|---|---|
| Library of Congress Classification | Kabarak, Main Campus | Kabarak, Main Campus | 17/12/2015 | 1 | QA76.64 .S56 2002 | 002129 | 03/07/2018 | 11/06/2018 | 17/12/2015 | General Collection | ||||
| Library of Congress Classification | Kabarak, Main Campus | Kabarak, Main Campus | 17/12/2015 | 4 | QA76.64 .S56 2002 | 004140 | 09/02/2024 | 09/02/2024 | 17/12/2015 | General Collection | ||||
| Library of Congress Classification | Kabarak, Main Campus | Kabarak, Main Campus | 17/12/2015 | QA76.64 .S56 2002 | 002128 | 17/12/2015 | 17/12/2015 | General Collection | ||||||
| Library of Congress Classification | Kabarak, Main Campus | Kabarak, Main Campus | 17/12/2015 | 2 | QA76.64 .S56 2002 | 002127 | 08/11/2019 | 03/10/2019 | 17/12/2015 | General Collection | ||||
| Library of Congress Classification | Kabarak, Main Campus | Kabarak, Main Campus | 17/12/2015 | 2 | QA76.64 .S56 2002 c.5 | 030242 | 02/02/2024 | 16/01/2024 | 17/12/2015 | General Collection | 7424.00 | |||
| Library of Congress Classification | Kabarak, Main Campus | Kabarak, Main Campus | 17/12/2015 | 2 | QA76.64 .S56 2002 c.6 | 030248 | 17/06/2022 | 12/05/2022 | 17/12/2015 | General Collection | 7424.00 | |||
| Library of Congress Classification | Kabarak, Main Campus | Kabarak, Main Campus | 17/12/2015 | 1 | QA76.64 .S56 2002 c.7 | 030249 | 19/03/2024 | 02/03/2024 | 17/12/2015 | General Collection | 7424.00 |